000
00230nam a2200097Ia 4500
001
807701
005
20250826171236.0
008
250824s9999 xx 000 0 und d
245
0
_a
ASİ ASİ
_c
AYLA KUTLU
260
_b
BİLGİ YAYINLARI
999
_c
807701
_d
807701